| 000 | 00749nam a2200217 a 4500 | ||
|---|---|---|---|
| 001 | 000005091 | ||
| 003 | DO-SdBNP | ||
| 005 | 20251117101432.0 | ||
| 007 | ta | ||
| 008 | 090729s2009 dr a 100 0 spa d | ||
| 040 |
_aDO-SdBNP _bspa _cBNPHU |
||
| 082 | 4 |
_axxx _bC748e _222 |
|
| 111 | 1 |
_aComisión Nacional Centenario Juan Bosch. Conferencia _n(25, 26 y 27 de junio 2009 : _cSanto Domingo) _914614 |
|
| 245 | 1 | 0 |
_aEncuentro Internacional Juan Bosch : _blegado de la humanidad.(25,26 y 27 de junio, 2000) |
| 260 |
_aSanto Domingo : _bSecretaria de Estados de Relacionesa Exteriores _c2009 |
||
| 300 |
_a12 p. ; _c22 cm. |
||
| 590 | _aInventariado, 2022 / DG | ||
| 700 | 1 |
_epról. _aPortes, Braulio, _d1935- _980454 |
|
| 910 | _aDG | ||
| 942 |
_2ddc _cLF2 |
||
| 999 |
_c52373 _d52373 |
||